| 000 | 00506nam a22001697a 4500 | ||
|---|---|---|---|
| 003 | PILC | ||
| 005 | 20150604162527.0 | ||
| 008 | 150604b xxu||||| |||| 00| 0 eng d | ||
| 050 |
_aDS 701 _b.P123 2007 |
||
| 100 | _aPadilla, Marc G. | ||
| 245 |
_aCafe Sanctuario / _cMarc G. Padilla. |
||
| 260 |
_aLas PiƱas City : _bSISC, _c2007. |
||
| 300 |
_a64 pages : _b illustrations ; _c28 cm. |
||
| 500 | _a Includes bibliographical references and appendices. | ||
| 650 | _aCoffee shops. | ||
| 942 |
_2lcc _cTH _kLOC |
||
| 999 |
_c284734 _d284734 |
||